000 00797nam a2200241Ia 4500
003 GCL
008 140319s9999 xx 000 0 ara d
040 _aGCL /
_cGCL
082 0 4 _a001.6424
100 1 _aجوتفريد، بايرون، س
245 1 0 _aالبرمجة بلغة الباسكال /
_cجوتفريد، بايرون، س
700 1 _aسرور على ابراهيم سرور
260 _a[S.N] :
_bالدار الدولية للنشر والتوزيع ،
_c1993
300 _a485 ص
490 _aسلسلة ملخصات شوم
_v0
650 0 4 _aالحاسبات الالكترونية
650 0 4 _aالبرمجة
650 0 4 _aالرياضيات
650 0 4 _aالبرامج
650 0 4 _aالبرمجة الخطية
650 0 4 _aالباسكال
942 _2ddc
_cBK
999 _c30172
_d30172